00439 2200169 4500001002100000008004100021035002000062245006700082100001300149250000600162260004200168300001200210084001400222082000800236650001300244990001200257INLIS000000000000808 ind  a0010-0524000043 aSorban Syekh Maulana Maghribi VS Bakyak Jambu KarangcNurriyah aNurriyah a1 aSurabaya :bCipta Media Edukasic2018 a122 hlm a200 NUR s a200 aNonFiksi a0740656